Detalles MARC
| 000 -LEADER |
| fixed length control field |
01182nam a2200313 a 4500 |
| 005 - FECHA ULTIMA MODIFICACION |
| control field |
20240516115959.0 |
| 008 - CAMPO DE CONTROL (LIBRO) |
| fixed length control field |
100310s2010||||sp a f |||| 001 0 spa d |
| 020 ## - INTERNATIONAL STANDARD BOOK NUMBER |
| ISBN |
9788498352832 |
| 041 ## - CODIGO DE IDIOMA |
| Código de idioma del texto/pista de sonido o título separado |
spa |
| 092 ## - SIGNATURA TOPOGRAFICA DEWEY LOCAL |
| número de clasificación |
616.07 |
| libristica |
79 |
| sección |
SIL |
| 100 1# - ENTRADA PRINCIPAL--NOMBRE PERSONAL |
| Nombre personal |
Silbernagl, Stefan |
| 9 (RLIN) |
1947 |
| 245 ## - TITULO PROPIAMENTE DICHO |
| Título |
Fisiopatología. |
| Subtítulo y Título paralelo |
Texto y atlas / |
| Mención de responsabilidad y remanente de la transcripción de la portada |
Stefan Silbernagl |
| 250 ## - MENCION DE EDICION |
| Mención de edición |
3a ed. revisada y ampliada |
| Mención de responsabilidad relacionada con la ed. |
Traducción Liliana Anzando y Ariana Raina |
| 260 ## - PIE DE IMPRENTA |
| Lugar de publicación, distribución, etc |
Madrid: |
| Nombre de la editorial, distribuidor, etc |
Editorial Médica Panamericana; |
| Fecha de publicación |
2010. |
| 300 ## - DESCRIPCION FISICA |
| Extension |
427 p. |
| Otros detalles físicos |
il. |
| Material complementario |
Con 192 láminas en color realizadas por Rüdiger gay y Astried Rothenburger |
| 500 ## - NOTA GENERAL |
| Nota general |
Silbernagl, S. y Lang, F. (2010). Fisiopatología. Texto y atlas. (3a ed.). Madrid : Editorial Médica Panamericana. |
| 653 ## - TÉRMINO INDIZADO - PALABRAS CLAVES |
| Palabra clave |
Fundamentos |
| 653 ## - TÉRMINO INDIZADO - PALABRAS CLAVES |
| Palabra clave |
Temperatura. Energía |
| 653 ## - TÉRMINO INDIZADO - PALABRAS CLAVES |
| Palabra clave |
Sangre |
| 653 ## - TÉRMINO INDIZADO - PALABRAS CLAVES |
| Palabra clave |
Respiración y el metabolismo ácido-base |
| 653 ## - TÉRMINO INDIZADO - PALABRAS CLAVES |
| Palabra clave |
Riñón y el metabolismo hidrosalino |
| 653 ## - TÉRMINO INDIZADO - PALABRAS CLAVES |
| Palabra clave |
Estomago, intestino e higado |
| 653 ## - TÉRMINO INDIZADO - PALABRAS CLAVES |
| Palabra clave |
Corazón y sistema circulatorio |
| 653 ## - TÉRMINO INDIZADO - PALABRAS CLAVES |
| Palabra clave |
Metabolismo |
| 653 ## - TÉRMINO INDIZADO - PALABRAS CLAVES |
| Palabra clave |
Hormonas |
| 653 ## - TÉRMINO INDIZADO - PALABRAS CLAVES |
| Palabra clave |
Sistema nervioso, músculos y sentidos |
| 700 1# - ENTRADAS SECUNDARIAS - NOMBRE PERSONAL |
| Nombre personal |
Lang, Florian |
| 9 (RLIN) |
1948 |
| 942 ## - ADDED ENTRY ELEMENTS (KOHA) |
| Source of classification or shelving scheme |
Dewey Decimal Classification |
| Item type |
Libros |
| Koha issues (borrowed), all copies |
2 |